000 00423nab a2200145Ia 4500
003 ES-SlBCS
005 20210601125141.0
008 140529s2004 xxu||||| |||| 00| 0 eng d
041 _aeng
100 1 _aLukasiewicz, Dariusz
_949075
245 0 0 _aTadeusz Czezowski's Theory of Values
_c Dariusz Lukasiewicz
600 1 4 _aCzezowski, Tadeusz
_9154539
773 0 _tParerga
_gnº. 2, 2004, págs. 91-100
_wRev1522
942 _cAR
999 _c525569
_d525569